Which formula one driver is this? - Statistics

General Stats
  • This quiz has been taken 34 times
  • The average score is 10 of 16
Answer Stats
quote Answer % Correct
I am a British formula one champion and a have a famous mustache. Nigel Mansell
94%
I am a Brazilian ex-formula one driver and I was a formula one champion for a few seconds. Felipe Massa
84%
I am a young current formula one driver from italy and I am the youngest race leader. Kimi Antonelli
78%
I am a retired Australian formula one driver and I am famous because of my famous smile. Daniel Ricciardo
75%
I am a current British formula one driver and if I win I will peform my greatest T-pose George Russell
75%
Bwoah Kimi Raikkonen
75%
I am a former Danish formula one driver and my son got a podium in his first ever formula one race. Jan Magnussen
72%
I am a ex-Canadian formula one driver and I got bald because I dyed my hear blond to many times. jacques villeneuve
69%
I am a Canadian ex-formula one driver and the call me the GOAT. Nicholas Latifi
59%
A am a former Austrian formula one driver and sadly I passed away at the qualifing of the 1994 San Marino GP. Ronald Ratzenberger
59%
I am a former Finnish Formula 1 driver and I almost won a race for Ferrari, but I gave the lead to my teammate. Mika Salo
53%
I am a ex-Italian formula one and they call me the Italian Jesus. Antonio Giovinazzi
50%
I am a ex-Spanish formula one driver and I got my first formula one podium because Juan-Pablo Montoya quitted mdway in to the season. Pedro de la Rosa
50%
I am a former Frensh formula one driver and I had one of the most famous battles in formula one witch Gilles Villeneuve. Rene Arnoux
41%
I am a German ex-formula one driver and I let a few laps at my only GP in 2007. Marcus Winkelhock
22%
I am a former dutch formula one driver and I had signed a contract with Sauber but the never put me in the car. Giedo van der Garde
19%
No matching quizzes found
Score Distribution
Percent of People with Each Score
Percentile by Number Answered
Your Score History
You have not taken this quiz